{"text_format":"3","workbook":"xls","n_sheets":2,"sheets":["采购计划明细表","采购计划明细表 (2)"],"not_rendered":{"external_links":1,"defined_names":1},"read":"whole","date_system":"1900","formulas":"cached_only"}

{"sheet":"采购计划明细表","index":0,"n_rows":192,"n_cols":17,"rows_kept":192,"merged":[[0,0,0,9],[1,0,2,0],[1,1,2,1],[1,2,1,5],[1,7,2,7],[1,8,2,8],[1,9,2,9],[1,10,2,10],[1,11,2,11],[1,12,2,12],[3,12,6,12],[8,12,9,12],[11,12,16,12],[18,12,19,12],[21,12,23,12],[25,12,34,12],[36,12,40,12],[42,12,45,12],[47,12,54,12],[56,12,61,12],[64,12,67,12],[69,12,70,12],[72,12,78,12],[80,12,84,12],[86,12,87,12],[90,12,92,12],[94,12,99,12]],"flags":["formulas_cached_only"]}
["采购计划明细表"]
["序号","苗木名称*","规格","规格","规格","规格",null,"单位","数量*","备注说明","建议采购限价","合价","分包情况"]
["","","米/胸/地径(cm)","苗/杆高(cm)","冠幅(cm)","分支点高度(m)",null,"","",""]
[1,"大叶榕30","胸径30","≥7.0","≥5.0","2.5-3.0",null,"株",{"v":9,"d":"9.000"},"全树冠，树形饱满，优美，苗圃二年生熟货",3000,27000,"1包"]
[2,"大叶榕35","胸径35","≥8.0","≥6.0","2.5-3.0",null,"株",{"v":5,"d":"5.000"},"全树冠，树形饱满，优美，苗圃二年生熟货",3800,19000]
[3,"大叶榕45","胸径45","≥9.0","≥7.0","2.5-3.0",null,"株",{"v":1,"d":"1.000"},"全树冠，树形饱满，优美，苗圃二年生熟货",6000,6000]
[4,"大叶榕60","胸径60","≥11.0","≥8.0","3.0-3.5",null,"株",{"v":3,"d":"3.000"},"全树冠，树形饱满，优美，苗圃二年生熟货",9500,28500]
[{"$nulls":11},80500]
[5,"香樟丛生45","D45","≥8.0","≥6.0","",null,"株",{"v":12,"d":"12.000"},"全树冠，≥3分枝，15-17CM/分枝，苗圃二年生熟货",6500,78000,"2包"]
[6,"香樟丛生50","D50","≥10.0","≥7.0","",null,"株",{"v":6,"d":"6.000"},"全树冠，≥3分枝，18-20CM/分枝，苗圃二年生熟货",7500,45000]
[{"$nulls":11},123000]
[13,"香泡12","D12","≥3.5","≥2.5","1.2-1.5",null,"株",{"v":27,"d":"27.000"},"全树冠，树形饱满，优美，苗圃二年生熟货",500,13500,"3包"]
[14,"香泡18","D18","≥5.0","≥3.0","1.2-1.5",null,"株",{"v":8,"d":"8.000"},"全树冠，树形饱满，优美，苗圃二年生熟货",1500,12000]
[15,"杨梅15","D15","≥5.0","≥3.0","1.2-1.5",null,"株",{"v":17,"d":"17.000"},"全树冠，树形饱满，优美，苗圃二年生熟货",1500,25500]
[23,"石榴丛生20","D20","≥4.0","≥4.0","",null,"株",{"v":4,"d":"4.000"},"全树冠、树冠饱满，树形优美，苗圃二年生熟货、地径",1500,6000]
[16,"罗汉松12","D12","≥3.0","≥2.5","",null,"株",{"v":5,"d":"5.000"},"全树冠，特选，树形饱满，优美，苗圃二年生熟货",8500,42500]
[17,"罗汉松15","D15","≥3.5","≥3.0","",null,"株",{"v":3,"d":"3.000"},"全树冠，特选，树形饱满，优美，苗圃二年生熟货",20000,60000]
[{"$nulls":11},159500]
[24,"染井吉野樱12","D12","≥5.0","≥3.0","1.5-2.0",null,"株",{"v":76,"d":"76.000"},"全树冠、树冠饱满，树形优美，苗圃二年生熟货",1100,83600,"4包"]
[25,"染井吉野樱15","D15","≥6.0","≥3.5","1.5-2.0",null,"株",{"v":57,"d":"57.000"},"全树冠、树冠饱满，树形优美，苗圃二年生熟货",1800,102600]
[{"$nulls":11},186200]
[26,"碧桃10","D10","≥2.0","≥1.5","0.6-1.0",null,"株",{"v":193,"d":"193.000"},"全树冠、树冠饱满，树形优美，苗圃二年生熟货、地径",500,96500,"5包"]
[27,"碧桃12","D12","≥3.0","≥2.0","1.2-1.5",null,"株",{"v":63,"d":"63.000"},"全树冠、树冠饱满，树形优美，苗圃二年生熟货、地径",750,47250]
[28,"碧桃18","D18","≥3.5","≥2.5","1.2-1.5",null,"株",{"v":3,"d":"3.000"},"全树冠、树冠饱满，树形优美，苗圃二年生熟货、地径",1600,4800]
[{"$nulls":11},148550]
[31,"日本晚樱8（樱花）","胸径8","≥3.0","≥2.5","1.2-1.5",null,"株",{"v":179,"d":"179.000"},"全树冠、树冠饱满，树形优美，苗圃二年生熟货",240,42960,"6包"]
[32,"日本晚樱12（樱花）","胸径12","≥4.5","≥3.0","1.5-2.0",null,"株",{"v":18,"d":"18.000"},"全树冠、树冠饱满，树形优美，苗圃二年生熟货",550,9900]
[33,"西府海棠12","胸径12","≥4.0","≥2.5","1.2-1.5",null,"株",{"v":12,"d":"12.000"},"全树冠、树冠饱满，树形优美，苗圃二年生熟货",1600,19200]
[34,"西府海棠8","胸径8","≥3.0","≥2.0","0.8-1.0",null,"株",{"v":39,"d":"39.000"},"全树冠、树冠饱满，树形优美，苗圃二年生熟货",380,14820]
[35,"红梅12","胸径12","≥3.0","≥2.5","0.6-1.0",null,"株",{"v":23,"d":"23.000"},"全树冠、树冠饱满，树形优美，苗圃二年生熟货、地径",850,19550]
[36,"红梅15","胸径15","≥4.0","≥3.0","1.0-1.2",null,"株",{"v":4,"d":"4.000"},"全树冠、树冠饱满，树形优美，苗圃二年生熟货、地径",1800,7200]
[37,"桃树8","D8","≥2.0","≥1.5","0.5-1.0",null,"株",{"v":43,"d":"43.000"},"全树冠、树冠饱满，树形优美，苗圃二年生熟货、地径",380,16340]
[66,"水杉8","胸径8","≥6.0","≥2.0","1.2-1.5",null,"株",{"v":15,"d":"15.000"},"全树冠、树冠饱满，树形优美，苗圃二年生熟货",250,3750]
[67,"水杉12","胸径12","≥8.0","≥2.5","2.5-3.0",null,"株",{"v":13,"d":"13.000"},"全树冠、树冠饱满，树形优美，苗圃二年生熟货",380,4940]
[68,"水杉15","胸径15","≥10.0","≥3.0","3.0-3.5",null,"株",{"v":55,"d":"55.000"},"全树冠、树冠饱满，树形优美，苗圃二年生熟货",600,33000]
[{"$nulls":11},171660]
[45,"黄连木20","胸径20","≥8.0","≥4.0","3.5-4.0",null,"株",{"v":4,"d":"4.000"},"全树冠，树形饱满，优美，苗圃二年生熟货",2500,10000,"7包"]
[46,"黄连木25","胸径25","≥9.0","≥4.5","3.5-4.0",null,"株",{"v":2,"d":"2.000"},"全树冠，树形饱满，优美，苗圃二年生熟货",5000,10000]
[47,"黄连木丛生a","","≥8.0","≥5.0","",null,"株",{"v":13,"d":"13.000"},"全树冠，≥3分枝，13-15CM/分枝，苗圃二年生熟货",6000,78000]
[48,"黄连木丛生b","","≥9.0","≥6.0","",null,"株",{"v":9,"d":"9.000"},"全树冠，≥3分枝，18-20CM/分枝，苗圃二年生熟货",8500,76500]
[49,"黄连木丛生c","","≥10.0","≥7.0","",null,"株",{"v":8,"d":"8.000"},"全树冠，≥3分枝，20-22CM/分枝，苗圃二年生熟货",9500,76000]
[{"$nulls":11},250500]
[50,"银杏15","胸径15","≥8.0","≥3.5","2.5-3.0",null,"株",{"v":12,"d":"12.000"},"全树冠、树冠饱满，树形优美，苗圃二年生熟货",850,10200,"8包"]
[51,"银杏20","胸径20","≥9","≥4.0","2.5-3.0",null,"株",{"v":57,"d":"57.000"},"全树冠、树冠饱满，树形优美，苗圃二年生熟货",1500,85500]
[52,"银杏30","胸径30","≥12.0","≥5.0","3.5-4.0",null,"株",{"v":30,"d":"30.000"},"全树冠、树冠饱满，树形优美，苗圃二年生熟货",4200,126000]
[53,"银杏35","胸径35","≥13.0","≥6.0","3.5-4.0",null,"株",{"v":15,"d":"15.000"},"全树冠、树冠饱满，树形优美，苗圃二年生熟货",5500,82500]
[{"$nulls":11},304200]
[54,"红叶李8","胸径8","≥5.0","≥2.5","1.2-1.5",null,"株",{"v":113,"d":"113.000"},"全树冠、树冠饱满，树形优美，苗圃二年生熟货",240,27120,"9包"]
[55,"红叶李12","胸径12","≥6.0","≥3.0","1.5-2.0",null,"株",{"v":21,"d":"21.000"},"全树冠、树冠饱满，树形优美，苗圃二年生熟货",450,9450]
[56,"红叶李丛生a","","≥4.5","≥3.5","",null,"株",{"v":19,"d":"19.000"},"全树冠，≥3分枝，7-9CM/分枝，苗圃二年生熟货",500,9500]
[57,"红叶李丛生b","","≥6.0","≥4.0","",null,"株",{"v":4,"d":"4.000"},"全树冠，≥3分枝，10-12CM/分枝，苗圃二年生熟货",1200,4800]
[58,"无患子15","胸径15","≥7.0","≥3.0","2.0-2.5",null,"株",{"v":17,"d":"17.000"},"全树冠、树冠饱满，树形优美，苗圃二年生熟货",1600,27200]
[59,"无患子22","胸径22","≥9.0","≥4.5","3.0-3.5",null,"株",{"v":6,"d":"6.000"},"全树冠、树冠饱满，树形优美，苗圃二年生熟货",3500,21000]
[60,"栾树12","胸径12","≥5.0","≥3.0","2.5-3.0",null,"株",{"v":64,"d":"64.000"},"全树冠、树冠饱满，树形优美，苗圃二年生熟货",380,24320]
[61,"栾树20","胸径20","≥6.0","≥3.5","2.5-3.0",null,"株",{"v":32,"d":"32.000"},"全树冠、树冠饱满，树形优美，苗圃二年生熟货",850,27200]
[{"$nulls":11},150590]
[62,"红枫8","D8","≥2.0","≥1.5","0.4-0.6",null,"株",{"v":80,"d":"80.000"},"全树冠、树冠饱满，树形优美，苗圃二年生熟货、地径",500,40000,"10包"]
[63,"红枫12","D12","≥3.0","≥2.0","0.6-0.8",null,"株",{"v":11,"d":"11.000"},"全树冠、树冠饱满，树形优美，苗圃二年生熟货、地径",1800,19800]
[64,"元宝枫12","胸径12","≥4.0","≥3.0","0.6-1.0",null,"株",{"v":17,"d":"17.000"},"全树冠、树冠饱满，树形优美，苗圃二年生熟货",1400,23800,null,500,1100,900,1100]
[65,"元宝枫15","胸径15","≥5.0","≥3.5","1.2-1.5",null,"株",{"v":6,"d":"6.000"},"全树冠、树冠饱满，树形优美，苗圃二年生熟货",2400,14400,null,1500,2200,2400,2600]
[69,"鸡爪槭8","D8","≥2.0","≥2.0","0.4-0.6",null,"株",{"v":57,"d":"57.000"},"全树冠、树冠饱满，树形优美，苗圃二年生熟货、地径",430,24510]
[70,"鸡爪槭12","D12","≥3.0","≥2.5","0.6-1.0",null,"株",{"v":10,"d":"10.000"},"全树冠、树冠饱满，树形优美，苗圃二年生熟货、地径",1800,18000]
[{"$nulls":11},140510]
[]
[7,"桂花低分枝","胸径20","≥6.0","≥5.0","",null,"株",{"v":16,"d":"16.000"},"全树冠，树形饱满，优美，苗圃二年生熟货，银桂、低分枝",4500,72000,"A包"]
[8,"桂花(银桂）","胸径12","≥3.5","≥3.0","1.8-2.0",null,"株",{"v":23,"d":"23.000"},"全树冠，树形饱满，优美，银桂，苗圃二年生熟货",850,19550]
[9,"桂花（银桂）","胸径15","≥4.0","≥3.5","2.0-2.5",null,"株",{"v":43,"d":"43.000"},"全树冠，树形饱满，优美，银桂，苗圃二年生熟货",1300,55900]
[10,"桂花丛生a","","≥4.0","≥4.0","",null,"株",{"v":51,"d":"51.000"},"全树冠，树形饱满，丛生树形，银桂，苗圃二年生熟货",3800,193800]
[]
[11,"香樟","胸径12","≥5.0","≥3.0","2.5-3.0",null,"株",{"v":377,"d":"377.000"},"全树冠、树冠饱满，树形优美，苗圃二年生熟货",700,263900,"B包"]
[12,"香樟","胸径15","≥6.0","≥3.5","2.5-3.0",null,"株",{"v":66,"d":"66.000"},"全树冠、树冠饱满，树形优美，苗圃二年生熟货",1100,72600]
[]
[18,"紫薇","胸径12","≥4.5","≥3.5","1.2-1.5",null,"株",{"v":15,"d":"15.000"},"全树冠、树冠饱满，树形优美，苗圃二年生熟货",1500,22500,"C包"]
[19,"低分枝紫薇","D15","≥3.0","≥3.0","",null,"株",{"v":16,"d":"16.000"},"全树冠、树冠饱满，树形优美，苗圃二年生熟货、地径",2800,44800]
[20,"低分枝紫薇","D20","≥4.0","≥4.0","",null,"株",{"v":3,"d":"3.000"},"全树冠、树冠饱满，树形优美，苗圃二年生熟货、地径",18000,54000]
[21,"垂丝海棠丛生","D15","≥5.0","≥4.0","",null,"株",{"v":51,"d":"51.000"},"全树冠、树冠饱满，树形优美，苗圃二年生熟货、地径",1200,61200]
[22,"垂丝海棠从生","D18","≥6.0","≥5.0","",null,"株",{"v":11,"d":"11.000"},"全树冠、树冠饱满，树形优美，苗圃二年生熟货、地径",1800,19800]
[30,"黄花风铃木","胸径12","≥5.0","≥3.0","1.5-2.0",null,"株",{"v":21,"d":"21.000"},"多花，苗圃熟货，全树冠、树冠饱满，树形优美，",1300,27300]
[1,"白玉兰","12","≥4","≥2.5","2.0-2.5","","株",{"v":9,"d":"9.000"},"全树冠、树冠饱满，树形优美，苗圃二年生熟货",900,8100]
[]
[38,"丛生朴树a","","≥9.0","≥4.5","",null,"株",{"v":5,"d":"5.000"},"全树冠，≥3分枝，18-20CM/分枝，苗圃二年生熟货",7500,37500,"D包"]
[39,"丛生朴树b","","≥9.0","≥5.0","",null,"株",{"v":4,"d":"4.000"},"全树冠，≥3分枝，20-22CM/分枝，苗圃二年生熟货",9000,36000]
[40,"朴树","胸径25","≥8.0","≥4.0","3.5-4.0",null,"株",{"v":51,"d":"51.000"},"全树冠、树冠饱满，树形优美，苗圃二年生熟货",5200,265200]
[41,"朴树","胸径30","≥10.0","≥5.0","3.5-4.0",null,"株",{"v":23,"d":"23.000"},"全树冠、树冠饱满，树形优美，苗圃二年生熟货",8500,195500]
[42,"朴树","胸径35","≥12.0","≥6.0","3.5-4.0",null,"株",{"v":10,"d":"10.000"},"全树冠、树冠饱满，树形优美，苗圃二年生熟货",11000,110000]
[]
[43,"蓝花楹从生a","","≥9.0","≥6.0","",null,"株",{"v":18,"d":"18.000"},"全树冠，≥3分枝，18-20CM/分枝，苗圃二年生熟货",8500,153000,"E包"]
[44,"蓝花楹丛生b","","≥11.0","≥8.0","",null,"株",{"v":14,"d":"14.000"},"全树冠，≥3分枝，20-22CM/分枝，苗圃二年生熟货",13000,182000]
[]
[]
[71,"乌桕A","胸径8","≥4","≥2","1.0-1.5",null,"株",{"v":138,"d":"138.000"},"全树冠、树冠饱满，树形优美，苗圃二年生熟货",350,48300,"F包"]
[72,"乌桕B","胸径10","≥5","≥2.5","1.0-1.5",null,"株",{"v":236,"d":"236.000"},"全树冠、树冠饱满，树形优美，苗圃二年生熟货",500,118000]
[2,"河津樱花","8","≥3","≥2.5","1.2-1.5","","株",{"v":205,"d":"205.000"},"全树冠、树冠饱满，树形优美，苗圃二年生熟货",500,102500]
[]
[4,"芭蕉","","2.5-3","1.5","","","株",{"v":137,"d":"137.000"},"自然形态、枝叶繁茂、树形优美",80,10960,"G包"]
[5,"黄桷兰","8","≥2","≥1.5","0.5-1","","株",{"v":29,"d":"29.000"},"袋苗，树冠饱消，树形优美",800,23200]
[6,"迎春","","藤长0.8-1.0","203","","","株",{"v":23682,"d":"23682.000"},"6株m2",1.5,35523]
[7,"迷迭香","","≥0.2","≥0.2","","","株",{"v":6984,"d":"6984.000"},"36株/m2",2,13968]
[8,"铺地桕","","0.4","0.4","","","株",{"v":3456,"d":"3456.000"},"36株/m2",3.3,11404.8]
[9,"睡莲","","","","","，9盆/m2","盆",{"v":13977,"d":"13977.000"},"20盆 ，选用生长旺盛植株 淡黄色、粉色、红色、蓝色睡莲混合种植",13,181701]
[]
[29,"黄花风铃木8","胸径8","≥3.5","≥2.0","1.5-2.0",null,"株",{"v":62,"d":"62.000"},"全树冠、树冠饱满，树形优美，苗圃二年生熟货",550,34100,"花木公司"]
[10,"太空荷花","","","","","2~3枝藕节/盆,5盆/m2","盆",{"v":2275,"d":"2275.000"},"选用生长旺盛植株",40,91000,"原供应商"]
[3,"美国红枫","12","≥6","≥2.5","2.5-3.0","","株",{"v":22,"d":"22.000"},"全树冠、树冠饱满，树形优美，苗圃二年生熟货",600,13200,"花木公司"]
[]
[]
[73,"天堂鸟","","≥1.2","≥0.6","",null,"丛",{"v":120,"d":"120.000"},"每丛5主干以上，盆苗"]
[74,"棕竹","","≥1.0","≥0.6","",null,"丛",{"v":4000,"d":"4000.000"},"每丛3主干以上，5丛/m2"]
[75,"南天竹","","≥1.2","≥0.4","",null,"丛",{"v":2500,"d":"2500.000"},"每丛5主干以上，6丛/m2"]
[76,"三角梅","","≥0.8","≥0.6","",null,"株",{"v":842,"d":"842.000"},"5株/m2,毛笼"]
[77,"花叶良姜","","≥0.8","≥0.6","",null,"丛",{"v":104,"d":"104.000"},"5从/m2,5芽以上/丛"]
[78,"山茶","","≥0.8","≥0.4","",null,"株",{"v":12000,"d":"12000.000"},"9株/m2，毛笼"]
[79,"大栀子","","≥0.8","≥0.4","",null,"株",{"v":10000,"d":"10000.000"},"9株/m2，毛笼"]
[80,"大红花朱槿","","≥0.8","≥0.4","",null,"株",{"v":3500,"d":"3500.000"},"16株/m2，毛笼"]
[81,"春鹃","","≥0.6","≥0.3","",null,"株",{"v":80000,"d":"80000.000"},"36株/m2"]
[82,"红叶石楠","","≥0.6","≥0.3","",null,"株",{"v":55000,"d":"55000.000"},"36株/m2"]
[83,"金叶假连翘","","≥0.6","≥0.4","",null,"株",{"v":28000,"d":"28000.000"},"25株/m2"]
[84,"金丝桃","","≥0.6","≥0.4","",null,"株",{"v":33000,"d":"33000.000"},"25株/m2"]
[85,"红花继木","","≥0.5","≥0.3","",null,"株",{"v":60000,"d":"60000.000"},"36株/m2"]
[86,"绣球","","≥0.5","≥0.3","",null,"株",{"v":11000,"d":"11000.000"},"25株/m2,无尽夏"]
[87,"双色茉莉","","≥0.5","≥0.3","",null,"株",{"v":65000,"d":"65000.000"},"36株/m2"]
[88,"丰花月季","","≥0.5","≥0.2","",null,"株",{"v":23000,"d":"23000.000"},"49株/m2"]
[89,"四季玫瑰","","≥0.5","≥0.2","",null,"株",{"v":13000,"d":"13000.000"},"49株/m2"]
[90,"五色梅","","≥0.5","≥0.4","",null,"株",{"v":36000,"d":"36000.000"},"25株/m2"]
[91,"野牡丹","","≥0.4","≥0.2","",null,"株",{"v":30000,"d":"30000.000"},"49株/m2"]
[92,"红叶朱蕉","","≥0.4","≥0.3","",null,"株",{"v":250,"d":"250.000"},"25株/m2满植，不露土"]
[93,"花叶鸭脚木","","≥0.4","≥0.3","",null,"株",{"v":25000,"d":"25000.000"},"36株/m2"]
[94,"红花满天星","","≥0.4","≥0.2","",null,"株",{"v":33000,"d":"33000.000"},"64株/m2"]
[95,"花叶黄杨","","≥0.4","≥0.2","",null,"株",{"v":230000,"d":"230000.000"},"64株/m2"]
[96,"木春菊","","≥0.4","≥0.2","",null,"株",{"v":22000,"d":"22000.000"},"49株/m2,杯苗"]
[97,"蓝雪花","","≥0.4","≥0.2","",null,"株",{"v":30000,"d":"30000.000"},"49株/m2,杯苗"]
[98,"粉花绣线菊","","≥0.3","≥0.2","",null,"株",{"v":73000,"d":"73000.000"},"49株/m2,杯苗"]
[99,"红花绣线菊","","≥0.3","≥0.2","",null,"株",{"v":18000,"d":"18000.000"},"49株/m2,杯苗"]
[100,"西洋鹃","","≥0.2","≥0.2","",null,"株",{"v":43000,"d":"43000.000"},"49株/m2,杯苗"]
[101,"藤本蔷薇（粉色）","","藤长≥0.8","≥0.5","",null,"丛",{"v":170,"d":"170.000"},"2丛/m2，5条以上/丛，沿堡坎边缘种植"]
[102,"海芋","","≥0.8","≥0.6","",null,"丛",{"v":70,"d":"70.000"},"5丛/m2,5芽以上/丛，盆苗"]
[103,"柳叶马鞭草","","≥0.4","≥0.2","",null,"株",{"v":330000,"d":"330000.000"},"49株/m2,杯苗"]
[104,"花烟草（取消）","","≥0.4","≥0.3","",null,"株",{"v":50,"d":"50.000"},"49株/m2,杯苗"]
[105,"墨西哥鼠尾草","","≥0.4","≥0.3","",null,"株",{"v":95000,"d":"95000.000"},"49株/m2,杯苗"]
[106,"百子莲","","≥0.4","≥0.3","",null,"株",{"v":70000,"d":"70000.000"},"36株/m2,杯苗"]
[107,"山桃草","","≥0.4","≥0.2","",null,"株",{"v":6000,"d":"6000.000"},"49株/m2,3芽以上/株，杯苗"]
[108,"波斯菊","","≥0.3","≥0.2","",null,"斤",{"v":50,"d":"50.000"},"30g/m2,撒播，满植，不露土"]
[109,"紫娇花","","≥0.3","≥0.15","",null,"株",{"v":165000,"d":"165000.000"},"64丛/m2,杯苗"]
[110,"冷水花","","≥0.3","≥0.2","",null,"株",{"v":3000,"d":"3000.000"},"64株/m2,杯苗"]
[111,"肾蕨","","≥0.3","≥0.25","",null,"株",{"v":14000,"d":"14000.000"},"36株/m2,3芽以上/株，杯苗"]
[112,"紫花鸢尾","","≥0.3","≥0.3","",null,"株",{"v":10000,"d":"10000.000"},"49株/m2,杯苗"]
[113,"花叶一叶兰","","≥0.3","≥0.2","",null,"株",{"v":3300,"d":"3300.000"},"49株/m2,杯苗"]
[114,"狐尾天门冬","","≥0.3","≥0.3","",null,"株",{"v":1050,"d":"1050.000"},"36株/m2,杯苗"]
[115,"大花金鸡菊","","≥0.3","≥0.2","",null,"株",{"v":45000,"d":"45000.000"},"64株/m2,杯苗"]
[116,"花叶玉簪","","≥0.25","≥0.2","",null,"株",{"v":13000,"d":"13000.000"},"49株/m2,杯苗"]
[117,"红花酢浆草","","≥0.2","≥0.2","",null,"株",{"v":63480,"d":"63480.000"},"80株/m2"]
[118,"葱兰","","≥0.2","≥0.1","",null,"斤",{"v":18000,"d":"18000.000"},"100株/m2,加入20%韭兰，3芽/株，裸根无土上称"]
[119,"金叶石菖蒲","","≥0.2","≥0.2","",null,"斤",{"v":3500,"d":"3500.000"},"49株/m2，3芽/株，裸根无土上称"]
[120,"沿阶草","","≥0.2","≥0.15","",null,"株",{"v":17000,"d":"17000.000"},"64株/m2，3芽/株，杯苗"]
[121,"金边阔叶麦冬","","≥0.15","≥0.1","",null,"斤",{"v":20000,"d":"20000.000"},"90株/m2，3芽/株，裸根无土上称"]
[122,"佛甲草","","≥0.15","≥0.1","",null,"株",{"v":10000,"d":"10000.000"},"100株/m2，杯苗"]
[123,"麦冬","","≥0.15","≥0.15","",null,"斤",{"v":65000,"d":"65000.000"},"80株/m2，细叶麦冬，裸根无土上称"]
[124,"混合草花","","","","",null,"斤",{"v":900,"d":"900.000"},"草籽（混合宿根花卉草籽）"]
[125,"草坪","","","","",null,"m2",{"v":113757,"d":"113757.000"},"台湾二号草坪，实方，面积以测绘为准"]
[126,"姬岩垂草","","","","",null,"株",{"v":100000,"d":"100000.000"},""]
[127,"花叶芦竹","","≥1.5","≥1.0","",null,"笼",{"v":33,"d":"33.000"},"1笼/m2，8 支以上/笼，盆苗"]
[128,"矮蒲苇（2加仑盆）","","≥0.8","≥0.6","",null,"笼",{"v":240,"d":"240.000"},"  3笼/m2,8 支以上/笼，盆苗"]
[129,"长苞香蒲","","≥0.8","≥0.6","",null,"笼",{"v":220,"d":"220.000"}," 3笼/m2,8 支以上/笼，盆苗"]
[130,"小兔子狼尾草","","≥0.4","≥0.3","",null,"株",{"v":95000,"d":"95000.000"},"   48笼/m2,3 芽以上/笼，杯苗"]
[131,"紫穗狼尾草","","≥0.4","≥0.3","",null,"株",{"v":65000,"d":"65000.000"},"   48笼/m2,3 芽以上/笼，杯苗"]
[132,"晨光芒（h=60)","","≥0.4","≥0.4","",null,"株",{"v":5600,"d":"5600.000"},"   48笼/m2,3 芽以上/笼，杯苗"]
[133,"花叶芒","","≥0.4","≥0.4","",null,"株",{"v":30000,"d":"30000.000"},"   48笼/m2,3 芽以上/笼，杯苗"]
[134,"粉黛乱子草","","≥0.4","≥0.3","",null,"株",{"v":85000,"d":"85000.000"},"  48笼/m2,3 芽以上/笼，细叶杯苗"]
[135,"细叶芒（h=60)","","≥0.4","≥0.4","",null,"株",{"v":32000,"d":"32000.000"},"   48笼/m2,3 芽以上/笼，杯苗"]
[136,"苔草","","≥0.15","≥0.2","",null,"株",{"v":7000,"d":"7000.000"},"  64笼/m2,3 芽以上/笼，细叶，杯苗"]
[137,"旱伞草B","","≥0.8","≥0.3","",null,"丛",{"v":19400,"d":"19400.000"},"16丛/m2，5芽/丛，杯苗"]
[138,"木贼草","","≥0.5","≥0.4","",null,"盆",{"v":2748,"d":"2748.000"},"50根/盆，4盆/m2"]
[139,"梭鱼草（h=60)","","≥0.5","≥0.3","",null,"株",{"v":24000,"d":"24000.000"},"36株/m2，杯苗"]
[140,"水葱B","","≥0.3","≥0.15","",null,"株",{"v":20000,"d":"20000.000"},"81株/m2，杯苗"]
[141,"水生美人蕉","","≥0.5","≥0.3","",null,"株",{"v":19000,"d":"19000.000"},"25株/m2，杯苗"]
[142,"再力花（h=60)","","≥0.5","≥0.4","",null,"丛",{"v":6000,"d":"6000.000"},"9丛/m2,5芽/丛，杯苗"]
[143,"姜花","","≥0.5","≥0.4","",null,"株",{"v":5800,"d":"5800.000"},"36株/m2，杯苗"]
[144,"千屈菜","","≥0.4","≥0.3","",null,"株",{"v":119000,"d":"119000.000"},"49株/m2，杯苗"]
[145,"西伯利亚鸢尾","","≥0.4","≥0.3","",null,"株",{"v":149000,"d":"149000.000"},"49株/m2"]
[146,"黄菖蒲B","","≥0.4","≥0.3","",null,"株",{"v":32700,"d":"32700.000"},"49株/m2"]
[147,"刺苦草 ","","≥0.25","","",null,"丛",{"v":7600,"d":"7600.000"},"36丛/m2，4株/丛"]
[148,"亚洲苦草","","≥0.25","","",null,"丛",{"v":18000,"d":"18000.000"},"36丛/m2，4株/丛"]
[149,"金鱼藻","","≥0.25","","",null,"丛",{"v":3400,"d":"3400.000"},"25丛/m2，5株/丛"]
[150,"再力花（h=60)","","≥0.5","","",null,"株",{"v":10000,"d":"10000.000"},"16株/m2，杯苗"]
[151,"旱伞草A","","≥0.5","","",null,"株",{"v":2700,"d":"2700.000"},"16株/m2，杯苗"]
[152,"水葱A","","≥0.5","","",null,"株",{"v":12000,"d":"12000.000"},"25株/m2，杯苗"]
[153,"花叶芦竹","","≥0.5","","",null,"株",{"v":10000,"d":"10000.000"},"16株/m2，杯苗"]
[154,"水生美人蕉","","≥0.5","","",null,"株",{"v":14000,"d":"14000.000"},"18株/m2，杯苗"]
[155,"梭鱼草","","≥0.8","","",null,"株",{"v":690,"d":"690.000"},"25株/m2，杯苗"]
[156,"黄菖蒲A","","≥0.3","","",null,"株",{"v":24000,"d":"24000.000"},"20株/m2"]
[157,"太空荷花","","","","",null,"盆",{"v":300,"d":"300.000"},"5盆/㎡"]
[158,"睡莲","","","","",null,"盆",{"v":300,"d":"300.000"},"9盆/㎡"]

{"sheet":"采购计划明细表 (2)","index":1,"n_rows":122,"n_cols":16,"rows_kept":122,"merged":[[0,0,0,11],[1,0,2,0],[1,1,2,1],[1,2,1,5],[1,6,2,6],[1,7,2,7],[1,8,2,8],[1,9,2,9],[1,10,2,10],[1,11,2,11],[3,11,6,11],[8,11,9,11],[11,11,16,11],[18,11,19,11],[21,11,23,11],[25,11,34,11],[38,11,42,11],[44,11,47,11],[49,11,56,11],[58,11,63,11],[66,11,92,11],[119,9,121,9]],"flags":["formulas_cached_only"]}
["柏木溪项目乔木采购建议限价及分包情况表"]
["序号","苗木名称*","规格","规格","规格","规格","单位","数量*","备注说明","建议采购限价","合价","分包情况"]
["","","米/胸/地径(cm)","苗/杆高(cm)","冠幅(cm)","分支点高度(m)","","",""]
[1,"大叶榕","胸径30","≥7.0","≥5.0","2.5-3.0","株",9,"全树冠，树形饱满，优美，苗圃二年生熟货",3000,27000,"1包"]
[2,"大叶榕","胸径35","≥8.0","≥6.0","2.5-3.0","株",5,"全树冠，树形饱满，优美，苗圃二年生熟货",3800,19000]
[3,"大叶榕","胸径45","≥9.0","≥7.0","2.5-3.0","株",1,"全树冠，树形饱满，优美，苗圃二年生熟货",6000,6000]
[4,"大叶榕","胸径60","≥11.0","≥8.0","3.0-3.5","株",3,"全树冠，树形饱满，优美，苗圃二年生熟货",9500,28500]
[{"$nulls":10},80500]
[5,"香樟丛生","D45","≥8.0","≥6.0","","株",12,"全树冠，≥3分枝，15-17CM/分枝，苗圃二年生熟货",6500,78000,"2包"]
[6,"香樟丛生","D50","≥10.0","≥7.0","","株",6,"全树冠，≥3分枝，18-20CM/分枝，苗圃二年生熟货",7500,45000]
[{"$nulls":10},123000]
[13,"香泡","D12","≥3.5","≥2.5","1.2-1.5","株",27,"全树冠，树形饱满，优美，苗圃二年生熟货",500,13500,"3包"]
[14,"香泡","D18","≥5.0","≥3.0","1.2-1.5","株",8,"全树冠，树形饱满，优美，苗圃二年生熟货",1500,12000]
[15,"杨梅","D15","≥5.0","≥3.0","1.2-1.5","株",17,"全树冠，树形饱满，优美，苗圃二年生熟货",1500,25500]
[23,"石榴丛生","D20","≥4.0","≥4.0","","株",4,"全树冠、树冠饱满，树形优美，苗圃二年生熟货、地径",1500,6000]
[16,"罗汉松","D12","≥3.0","≥2.5","","株",5,"全树冠，特选，树形饱满，优美，苗圃二年生熟货",8500,42500]
[17,"罗汉松","D15","≥3.5","≥3.0","","株",3,"全树冠，特选，树形饱满，优美，苗圃二年生熟货",20000,60000]
[{"$nulls":10},159500]
[24,"染井吉野樱","D12","≥5.0","≥3.0","1.5-2.0","株",76,"全树冠、树冠饱满，树形优美，苗圃二年生熟货",1200,91200,"4包"]
[25,"染井吉野樱","D15","≥6.0","≥3.5","1.5-2.0","株",57,"全树冠、树冠饱满，树形优美，苗圃二年生熟货",1800,102600]
[{"$nulls":10},193800]
[26,"碧桃","D10","≥2.0","≥1.5","0.6-1.0","株",193,"全树冠、树冠饱满，树形优美，苗圃二年生熟货、地径",500,96500,"5包"]
[27,"碧桃","D12","≥3.0","≥2.0","1.2-1.5","株",63,"全树冠、树冠饱满，树形优美，苗圃二年生熟货、地径",750,47250]
[28,"碧桃","D18","≥3.5","≥2.5","1.2-1.5","株",3,"全树冠、树冠饱满，树形优美，苗圃二年生熟货、地径",1600,4800]
[{"$nulls":10},148550]
[31,"日本晚樱（樱花）","胸径8","≥3.0","≥2.5","1.2-1.5","株",179,"全树冠、树冠饱满，树形优美，苗圃二年生熟货",240,42960,"6包"]
[32,"日本晚樱（樱花）","胸径12","≥4.5","≥3.0","1.5-2.0","株",18,"全树冠、树冠饱满，树形优美，苗圃二年生熟货",550,9900]
[33,"西府海棠","胸径12","≥4.0","≥2.5","1.2-1.5","株",12,"全树冠、树冠饱满，树形优美，苗圃二年生熟货",1600,19200]
[34,"西府海棠","胸径8","≥3.0","≥2.0","0.8-1.0","株",39,"全树冠、树冠饱满，树形优美，苗圃二年生熟货",380,14820]
[35,"红梅","胸径12","≥3.0","≥2.5","0.6-1.0","株",23,"全树冠、树冠饱满，树形优美，苗圃二年生熟货、地径",850,19550]
[36,"红梅","胸径15","≥4.0","≥3.0","1.0-1.2","株",4,"全树冠、树冠饱满，树形优美，苗圃二年生熟货、地径",1800,7200]
[37,"桃树","D8","≥2.0","≥1.5","0.5-1.0","株",43,"全树冠、树冠饱满，树形优美，苗圃二年生熟货、地径",380,16340]
[66,"水杉","胸径8","≥6.0","≥2.0","1.2-1.5","株",15,"全树冠、树冠饱满，树形优美，苗圃二年生熟货",250,3750]
[67,"水杉","胸径12","≥8.0","≥2.5","2.5-3.0","株",13,"全树冠、树冠饱满，树形优美，苗圃二年生熟货",380,4940]
[68,"水杉","胸径15","≥10.0","≥3.0","3.0-3.5","株",55,"全树冠、树冠饱满，树形优美，苗圃二年生熟货",600,33000]
[null,"美国红枫","胸径12","≥6.0","≥2.5","2.5-3.0","株",20,"全树冠、树冠饱满，树形优美，苗圃二年生熟货",600,12000]
[null,"白玉兰","胸径12","≥4.0","≥2.5","2-2.5","株",9,"全树冠、树冠饱满，树形优美，苗圃二年生熟货",750,6750]
[{"$nulls":10},190410]
[45,"黄连木","胸径20","≥8.0","≥4.0","3.5-4.0","株",4,"全树冠，树形饱满，优美，苗圃二年生熟货",2500,10000,"7包"]
[46,"黄连木","胸径25","≥9.0","≥4.5","3.5-4.0","株",2,"全树冠，树形饱满，优美，苗圃二年生熟货",5000,10000]
[47,"黄连木丛生a","","≥8.0","≥5.0","","株",13,"全树冠，≥3分枝，13-15CM/分枝，苗圃二年生熟货",6000,78000]
[48,"黄连木丛生b","","≥9.0","≥6.0","","株",9,"全树冠，≥3分枝，18-20CM/分枝，苗圃二年生熟货",8500,76500]
[49,"黄连木丛生c","","≥10.0","≥7.0","","株",8,"全树冠，≥3分枝，20-22CM/分枝，苗圃二年生熟货",9500,76000]
[{"$nulls":10},250500]
[50,"银杏","胸径15","≥8.0","≥3.5","2.5-3.0","株",12,"全树冠、树冠饱满，树形优美，苗圃二年生熟货",850,10200,"8包"]
[51,"银杏","胸径20","≥9","≥4.0","2.5-3.0","株",57,"全树冠、树冠饱满，树形优美，苗圃二年生熟货",1500,85500]
[52,"银杏","胸径30","≥12.0","≥5.0","3.5-4.0","株",30,"全树冠、树冠饱满，树形优美，苗圃二年生熟货",4200,126000]
[53,"银杏","胸径35","≥13.0","≥6.0","3.5-4.0","株",15,"全树冠、树冠饱满，树形优美，苗圃二年生熟货",5500,82500]
[{"$nulls":10},304200]
[54,"红叶李","胸径8","≥5.0","≥2.5","1.2-1.5","株",113,"全树冠、树冠饱满，树形优美，苗圃二年生熟货",240,27120,"9包"]
[55,"红叶李","胸径12","≥6.0","≥3.0","1.5-2.0","株",21,"全树冠、树冠饱满，树形优美，苗圃二年生熟货",450,9450]
[56,"红叶李丛生a","","≥4.5","≥3.5","","株",19,"全树冠，≥3分枝，7-9CM/分枝，苗圃二年生熟货",500,9500]
[57,"红叶李丛生b","","≥6.0","≥4.0","","株",4,"全树冠，≥3分枝，10-12CM/分枝，苗圃二年生熟货",1200,4800]
[58,"无患子","胸径15","≥7.0","≥3.0","2.0-2.5","株",17,"全树冠、树冠饱满，树形优美，苗圃二年生熟货",1600,27200]
[59,"无患子","胸径22","≥9.0","≥4.5","3.0-3.5","株",6,"全树冠、树冠饱满，树形优美，苗圃二年生熟货",3500,21000]
[60,"栾树","胸径12","≥5.0","≥3.0","2.5-3.0","株",64,"全树冠、树冠饱满，树形优美，苗圃二年生熟货",380,24320]
[61,"栾树","胸径20","≥6.0","≥3.5","2.5-3.0","株",32,"全树冠、树冠饱满，树形优美，苗圃二年生熟货",850,27200]
[{"$nulls":10},150590]
[62,"红枫","D8","≥2.0","≥1.5","0.4-0.6","株",80,"全树冠、树冠饱满，树形优美，苗圃二年生熟货、地径",500,40000,"10包"]
[63,"红枫","D12","≥3.0","≥2.0","0.6-0.8","株",11,"全树冠、树冠饱满，树形优美，苗圃二年生熟货、地径",1800,19800]
[64,"元宝枫","胸径12","≥4.0","≥3.0","0.6-1.0","株",17,"全树冠、树冠饱满，树形优美，苗圃二年生熟货",1400,23800,null,500,1100,900,1100]
[65,"元宝枫","胸径15","≥5.0","≥3.5","1.2-1.5","株",6,"全树冠、树冠饱满，树形优美，苗圃二年生熟货",2400,14400,null,1500,2200,2400,2600]
[69,"鸡爪槭","D8","≥2.0","≥2.0","0.4-0.6","株",57,"全树冠、树冠饱满，树形优美，苗圃二年生熟货、地径",430,24510]
[70,"鸡爪槭","D12","≥3.0","≥2.5","0.6-1.0","株",10,"全树冠、树冠饱满，树形优美，苗圃二年生熟货、地径",1800,18000]
[{"$nulls":10},140510]
[]
[7,"桂花低分枝20","胸径20","≥6.0","≥5.0","","株",16,"全树冠，树形饱满，优美，苗圃二年生熟货，银桂、低分枝",4500,72000,"花木公司供应部分"]
[8,"桂花12(银桂）","胸径12","≥3.5","≥3.0","1.8-2.0","株",23,"全树冠，树形饱满，优美，银桂，苗圃二年生熟货",850,19550]
[9,"桂花15（银桂）","胸径15","≥4.0","≥3.5","2.0-2.5","株",43,"全树冠，树形饱满，优美，银桂，苗圃二年生熟货",1300,55900]
[10,"桂花丛生a","","≥4.0","≥4.0","","株",51,"全树冠，树形饱满，丛生树形，银桂，苗圃二年生熟货",3800,193800]
[]
[11,"大叶樟12（香樟）","胸径12","≥5.0","≥3.0","2.5-3.0","株",377,"全树冠、树冠饱满，树形优美，苗圃二年生熟货",700,263900]
[12,"大叶樟15（香樟）","胸径15","≥6.0","≥3.5","2.5-3.0","株",66,"全树冠、树冠饱满，树形优美，苗圃二年生熟货",1100,72600]
[18,"紫薇12","胸径12","≥4.5","≥3.5","1.2-1.5","株",15,"全树冠、树冠饱满，树形优美，苗圃二年生熟货",1500,22500]
[19,"紫薇从生15（低分枝）","D15","≥3.0","≥3.0","","株",16,"全树冠、树冠饱满，树形优美，苗圃二年生熟货、地径",2800,44800]
[20,"紫薇丛生20（低分枝）","D20","≥4.0","≥4.0","","株",3,"全树冠、树冠饱满，树形优美，苗圃二年生熟货、地径",18000,54000]
[21,"垂丝海棠丛生15","D15","≥5.0","≥4.0","","株",51,"全树冠、树冠饱满，树形优美，苗圃二年生熟货、地径",1200,61200]
[22,"垂丝海棠从生18","D18","≥6.0","≥5.0","","株",11,"全树冠、树冠饱满，树形优美，苗圃二年生熟货、地径",1800,19800]
[]
[29,"黄花风铃木8","胸径8","≥3.5","≥2.0","1.5-2.0","株",62,"全树冠、树冠饱满，树形优美，苗圃二年生熟货",550,34100]
[30,"黄花风铃木12","胸径12","≥5.0","≥3.0","1.5-2.0","株",21,"全树冠、树冠饱满，树形优美，苗圃二年生熟货",1300,27300]
[]
[38,"丛生朴树a","","≥9.0","≥4.5","","株",5,"全树冠，≥3分枝，18-20CM/分枝，苗圃二年生熟货",7500,37500]
[39,"丛生朴树b","","≥9.0","≥5.0","","株",4,"全树冠，≥3分枝，20-22CM/分枝，苗圃二年生熟货",9000,36000]
[40,"朴树25","胸径25","≥8.0","≥4.0","3.5-4.0","株",51,"全树冠、树冠饱满，树形优美，苗圃二年生熟货",5200,265200]
[41,"朴树30","胸径30","≥10.0","≥5.0","3.5-4.0","株",23,"全树冠、树冠饱满，树形优美，苗圃二年生熟货",8200,188600]
[42,"朴树35","胸径35","≥12.0","≥6.0","3.5-4.0","株",10,"全树冠、树冠饱满，树形优美，苗圃二年生熟货",11000,110000]
[]
[43,"蓝花楹从生a","","≥9.0","≥6.0","","株",18,"全树冠，≥3分枝，18-20CM/分枝，苗圃二年生熟货",8500,153000]
[44,"蓝花楹丛生b","","≥11.0","≥8.0","","株",14,"全树冠，≥3分枝，20-22CM/分枝，苗圃二年生熟货",13000,182000]
[]
[71,"乌桕A","胸径8","≥4","≥2","1.0-1.5","株",138,"全树冠、树冠饱满，树形优美，苗圃二年生熟货",350,48300]
[72,"乌桕B","胸径10","≥5","≥2.5","1.0-1.5","株",236,"全树冠、树冠饱满，树形优美，苗圃二年生熟货",500,118000]
[]
[1,"白玉兰","12","≥0.4","≥2.5","","株",14,"全树冠，树形饱满，优美，苗圃二年生熟货"]
[1,"菊花桃","D8","≥2.0","≥1.5","≥0.3","株",43,"全树冠，树形饱满，优美，苗圃二年生熟货，地径",450,19350]
[1,"D10荔枝","10","≥2.5","≥2","≥0.3","株",13,"全树冠，树形饱满，优美，苗圃二年生熟货，地径",1000,13000]
[2,"D8荔枝","8","≥2","≥1.5","≥0.3","株",78,"全树冠，树形饱满，优美，苗圃二年生熟货，地径",600,46800]
[3,"D12桂圆","12","≥2","≥2","≥0.3","株",19,"全树冠，树形饱满，优美，苗圃二年生熟货，地径",550,10450]
[4,"D15桂圆","15","≥2.5","≥2.5","≥0.3","株",13,"全树冠，树形饱满，优美，苗圃二年生熟货，地径",900,11700]
[5,"芭蕉","","2.5-3","1.5","","株",77,"自然心态，枝叶繁茂，树形优美",80,6160]
[6,"丛生贴梗海棠","","2","1.5-2","","株",73,"4-5杆/丛，全树冠，树形饱满，优美，苗圃二年生熟货",120,8760]
[7,"宫粉紫荆","15","≥6","≥3.5","≥1.5","株",8,"4-5杆/丛，全树冠，树形饱满，优美，苗圃二年生熟货",1500,12000]
[8,"河津樱花8","8","≥3","≥2.5","1.2-1.5","株",119,"4-5杆/丛，全树冠，树形饱满，优美，苗圃二年生熟货",500,59500]
[9,"蓝花楹10","10","≥2","≥2","0.5-1.0","株",72,"4-5杆/丛，全树冠，树形饱满，优美，苗圃二年生熟货",300,21600]
[10,"蓝花楹12","12","≥3","≥2.5","0.5-1.0","株",23,"4-5杆/丛，全树冠，树形饱满，优美，苗圃二年生熟货",550,12650]
[11,"蓝花楹20","20","≥5","≥4.5","2.0-3.0","株",26,"4-5杆/丛，全树冠，树形饱满，优美，苗圃二年生熟货",3000,78000]
[12,"蓝花楹25","25","≥7","≥5.5","2.0-3.0","株",4,"4-5杆/丛，全树冠，树形饱满，优美，苗圃二年生熟货",5000,20000]
[13,"龙柱碧桃","D8","≥2","≥1.5","≥0.3","株",21,"4-5杆/丛，全树冠，树形饱满，优美，苗圃二年生熟货",380,7980]
[14,"桢楠","10","≥3","≥1.5","0.5-1.0","株",2,"4-5杆/丛，全树冠，树形饱满，优美，苗圃二年生熟货",300,600]
[15,"桢楠","12","≥3.5","1.5-2","0.5-1.0","株",3,"4-5杆/丛，全树冠，树形饱满，优美，苗圃二年生熟货",380,1140]
[16,"黄桷兰","8","≥2","≥1.5","0.5-1.0","株",3,"4-5杆/丛，全树冠，树形饱满，优美，苗圃二年生熟货",800,2400]
[17,"迎春","","藤长0.8-1","0.5","","株",2300,"3株/米，杯苗",1.5,3450]
[18,"迷迭香","","≥0.2","≥0.2","","株",14000,"36株/m2，杯苗",2,28000]
[19,"斑竹","","3.5-4","杆径2-3m，自然冠幅","","株",10000,"十二级全支，株间距20cm，全冠不断竹梢",8,80000]
[20,"油麻藤","","藤长≥2.5","","","株",258,"3株/米，杯苗",2,516]
[21,"爬山虎","","藤长0.8-1","","","株",450,"3株/米，杯苗",2.5,1125]
[22,"龟背竹","","≥0.4","0.2-0.3","","株",2000,"5株/m2，5芽以上/丛，盆苗",18,36000]
[23,"铺地柏","","0.3","0.3","","株",14000,"36株/m2，杯苗",3.3,46200]
[24,"丛生石榴","D20","4","4","","株",3,"全树冠，树形饱满，优美，苗圃二年生熟货","原供应商"]
[25,"毛桃","D8","2","1.5","","株",18,"全树冠，树形饱满，优美，苗圃二年生熟货"]
[26,"美国红枫","12","6","2.5","","株",9,"全树冠，树形饱满，优美，苗圃二年生熟货"]